[Event "FAI-chT2 1920"]
[Site "Faroe Islands"]
[Date "2019.11.17"]
[Round "4.4"]
[White "Joensen, Hans Danjal"]
[Black "Andreasen, Jon S"]
[Result "0-1"]
[WhiteElo "1541"]
[BlackElo "1683"]
[PlyCount "94"]
[EventDate "2019.10.13"]
[EventType "team-tourn"]
[EventRounds "10"]
[EventCountry "FAI"]
[SourceTitle "CBM 195 Extra"]
[Source "ChessBase"]
[SourceDate "2020.05.31"]
[SourceVersion "1"]
[SourceVersionDate "2020.05.31"]
[SourceQuality "1"]
[WhiteTeam "Sandavagur II"]
[BlackTeam "Havnin III"]
[WhiteTeamCountry "FAI"]
[BlackTeamCountry "FAI"]

1. e4 c6 2. d4 d5 3. e5 Bf5 4. Bd3 Bxd3 5. Qxd3 e6 6. Nf3 Nd7 7. c3 Ne7 8. Bg5 Qb6 9. b3 c5 10. Bxe7 Bxe7 11. 0-0 0-0 12. Nbd2 Rac8 13. Rfc1 a6 14. Kh1 cxd4 15. cxd4 Ba3 16. Rc2 Rc6 17. Nb1 Be7 18. Nbd2 Nb8 19. a3 Rfc8 20. Rxc6 Rxc6 21. b4 Qc7 22. Qb1 Nd7 23. Nb3 b6 24. Qd1 f6 25. Rc1 fxe5 26. Rxc6 Qxc6 27. dxe5 Qa4 28. h3 Qxa3 29. Nbd4 Nf8 30. Qc2 h6 31. Qc7 Qxb4 32. Nc6 Qb1+ 33. Kh2 Bc5 34. Nd8 Qg6 35. g4 Bxf2 36. h4 Bc5 37. Kg3 Qe8 38. g5 Qe7 39. Qc8 a5 40. Nb7 Qd7 41. Qb8 a4 42. Nd6 a3 43. gxh6 gxh6 44. Ne8 Qa4 45. Nf6+ Kh8 46. Qb7 Qc2 47. h5 Qf2+ 0-1

[Event "FAI-chT2 1920"]
[Site "Faroe Islands"]
[Date "2019.11.03"]
[Round "3.3"]
[White "Joensen, Jakup F"]
[Black "Andreasen, Jon S"]
[Result "1/2-1/2"]
[WhiteElo "1656"]
[BlackElo "1683"]
[PlyCount "45"]
[EventDate "2019.10.13"]
[EventType "team-tourn"]
[EventRounds "10"]
[EventCountry "FAI"]
[SourceTitle "CBM 195 Extra"]
[Source "ChessBase"]
[SourceDate "2020.05.31"]
[SourceVersion "1"]
[SourceVersionDate "2020.05.31"]
[SourceQuality "1"]
[WhiteTeam "Gota"]
[BlackTeam "Havnin III"]
[WhiteTeamCountry "FAI"]
[BlackTeamCountry "FAI"]

1. e4 c6 2. d4 d5 3. exd5 cxd5 4. c4 Nf6 5. c5 a6 6. b4 Nc6 7. a3 Bf5 8. Nc3 e6 9. Nf3 Be7 10. Be2 0-0 11. 0-0 Ne4 12. Bb2 Nxc3 13. Bxc3 Bf6 14. a4 Bg4 15. b5 Na5 16. Ne5 Bxe2 17. Qxe2 Bxe5 18. Qxe5 Nc4 19. Qe2 a5 20. b6 Qd7 21. Rfb1 f5 22. f4 Rf6 23. Qe1 1/2-1/2

[Event "FAI-chT3 1617"]
[Site "Faroe Islands"]
[Date "2016.11.13"]
[Round "3.2"]
[White "Andreasen, Jon S"]
[Black "Anthoniussen, Mannbjorn"]
[Result "1-0"]
[WhiteElo "1752"]
[BlackElo "1423"]
[PlyCount "61"]
[EventDate "2016.10.23"]
[EventType "team-tourn"]
[EventRounds "9"]
[EventCountry "FAI"]
[SourceTitle "EXT 2020"]
[Source "ChessBase"]
[SourceDate "2019.10.17"]
[SourceVersion "1"]
[SourceVersionDate "2019.10.17"]
[SourceQuality "1"]
[WhiteTeam "Havnin VII"]
[BlackTeam "Klaksvik III"]
[WhiteTeamCountry "FAI"]
[BlackTeamCountry "FAI"]

1. c4 e5 2. Nc3 Nc6 3. e4 Nf6 4. a3 Bc5 5. Nf3 d6 6. Be2 0-0 7. d3 h6 8. Na4 Bd4 9. Nxd4 Nxd4 10. 0-0 Bd7 11. Nc3 a6 12. Qd2 Nb3 13. Qd1 Nxa1 14. Bd2 c6 15. Qxa1 Bg4 16. f3 Be6 17. f4 Bg4 18. fxe5 dxe5 19. Qd1 Bxe2 20. Qxe2 Nh7 21. Rf3 Ng5 22. Rg3 Qf6 23. Nd1 Rad8 24. Ne3 Qe7 25. Nf5 Qd7 26. h4 Nh7 27. Qh5 g6 28. Qxh6 f6 29. Rxg6+ Kh8 30. Rg7 Rf7 31. Qxh7# 1-0

[Event "FAI-chT2 1516"]
[Site "Faroe Islands"]
[Date "2016.02.14"]
[Round "6.3"]
[White "Hansen, Birgir"]
[Black "Andreasen, Jon S"]
[Result "1/2-1/2"]
[WhiteElo "1732"]
[BlackElo "1720"]
[PlyCount "139"]
[EventDate "2015.10.25"]
[EventType "team-tourn"]
[EventRounds "10"]
[EventCountry "FAI"]
[SourceTitle "EXT 2017"]
[Source "ChessBase"]
[SourceDate "2016.10.25"]
[SourceVersion "1"]
[SourceVersionDate "2016.10.25"]
[SourceQuality "1"]
[WhiteTeam "Havnin II"]
[BlackTeam "Havnin III"]
[WhiteTeamCountry "FAI"]
[BlackTeamCountry "FAI"]

1. d4 Nf6 2. c4 e6 3. Nc3 Bb4 4. Nf3 c5 5. g3 cxd4 6. Nxd4 Bxc3+ 7. bxc3 h6 8. Ba3 a6 9. Bg2 Nc6 10. 0-0 Ne7 11. Bd6 0-0 12. Rb1 Ne8 13. c5 Nxd6 14. cxd6 Nc6 15. Nxc6 bxc6 16. Qd4 a5 17. Rb2 Ba6 18. Bf3 Rb8 19. Rfb1 Rxb2 20. Rxb2 Qg5 21. e3 Bb5 22. h4 Qf6 23. Bg2 Qxd4 24. cxd4 f5 25. Bf1 a4 26. a3 Rb8 27. f3 Kf7 28. Kf2 Kf6 29. f4 g5 30. Ke1 g4 31. Kd2 h5 32. Kc3 Kf7 33. Bd3 Rc8 34. Bc4 Ke8 35. Rb4 Kd8 36. Kd3 Rb8 37. Kc3 Kc8 38. Ba2 Kb7 39. Bb1 Kb6 40. Bc2 Ra8 41. Bd3 Ra5 42. Bc2 c5 43. dxc5+ Kxc5 44. e4 fxe4 45. Bxe4 Kxd6 46. Rd4+ Ke7 47. Kb4 Ra7 48. Kxb5 Rc7 49. Kxa4 Rc3 50. Rd3 Rc4+ 51. Kb5 Rxe4 52. a4 Re1 53. a5 Rb1+ 54. Kc5 Ra1 55. Kb6 Rb1+ 56. Kc7 Rc1+ 57. Kb7 Rb1+ 58. Ka7 d5 59. f5 Rf1 60. fxe6 Kxe6 61. Kb6 Rf3 62. Rd4 Rxg3 63. Ra4 Rb3+ 64. Kc7 Rc3+ 65. Kb7 Kd7 66. Rb4 Rc7+ 67. Kb8 Rc8+ 68. Kb7 Rc7+ 69. Kb8 Rc8+ 70. Kb7 1/2-1/2

[Event "FAI-chT2 1415"]
[Site "Faroe Islands"]
[Date "2014.11.23"]
[Round "5.2"]
[White "Andreasen, Jon S"]
[Black "Thomsen, Jonfinn"]
[Result "1-0"]
[WhiteElo "1756"]
[BlackElo "1887"]
[PlyCount "31"]
[EventDate "2014.10.26"]
[EventType "team-tourn"]
[EventRounds "10"]
[EventCountry "FAI"]
[SourceTitle "EXT 2019"]
[Source "ChessBase"]
[SourceDate "2018.10.10"]
[SourceVersion "1"]
[SourceVersionDate "2018.10.10"]
[SourceQuality "1"]
[WhiteTeam "Havnin III"]
[BlackTeam "Sandavagur II"]
[WhiteTeamCountry "FAI"]
[BlackTeamCountry "FAI"]

1. b3 e5 2. Bb2 Nc6 3. e3 d5 4. Bb5 Bd6 5. f4 Qe7 6. Nf3 Bg4 7. Qe2 Nf6 8. Bxc6+ bxc6 9. Qa6 0-0 10. fxe5 Bxf3 11. exd6 Qe4 12. gxf3 Qxc2 13. Bxf6 Qc1+ 14. Kf2 Qxh1 15. Be5 f6 16. Na3 1-0

[Event "Koge Xtracon op"]
[Site "Koge"]
[Date "2013.10.19"]
[Round "7"]
[White "Andreasen, Jon S"]
[Black "Hagen, Andreas Skytte"]
[Result "0-1"]
[WhiteElo "2239"]
[BlackElo "2421"]
[PlyCount "84"]
[EventDate "2013.10.14"]
[EventType "swiss"]
[EventRounds "9"]
[EventCountry "DEN"]
[SourceTitle "EXT 2014"]
[Source "ChessBase"]
[SourceDate "2013.11.20"]
[SourceVersion "1"]
[SourceVersionDate "2013.11.20"]
[SourceQuality "1"]

1. d4 Nf6 2. c4 g6 3. Nc3 Bg7 4. e4 d6 5. f3 0-0 6. Be3 Nc6 7. Nge2 a6 8. d5 Ne5 9. Ng3 e6 10. Be2 exd5 11. cxd5 c6 12. 0-0 b5 13. dxc6 Be6 14. Qd2 Rc8 15. b3 d5 16. c7 Qxc7 17. Rac1 Qb7 18. Bd4 Nc6 19. Bxf6 Bxf6 20. Nxd5 Bg7 21. Rfd1 Nd4 22. Nf4 Qb6 23. Kh1 Rcd8 24. Nd3 a5 25. Qe3 a4 26. Nc5 axb3 27. Nxb3 Bxb3 28. axb3 Qe6 29. f4 Qxb3 30. Rd3 Qb2 31. e5 Bh6 32. Rcd1 Bxf4 33. Qxf4 Nxe2 34. Nxe2 Rxd3 35. Rxd3 Qxe2 36. Rf3 Qc4 37. Qe3 Re8 38. Rf4 Rxe5 39. Rxc4 Rxe3 40. Rc8+ Kg7 41. Kg1 Re2 42. Rb8 Rb2 0-1

[Event "FAI-chT2 1213"]
[Site "Faroe Islands"]
[Date "2013.01.19"]
[Round "6.1"]
[White "Andreasen, Jon S"]
[Black "Dam, Vagnur"]
[Result "1-0"]
[WhiteElo "1830"]
[BlackElo "1674"]
[PlyCount "75"]
[EventDate "2012.10.28"]
[EventType "team-tourn"]
[EventRounds "10"]
[EventCountry "FAI"]
[SourceTitle "EXT 2014"]
[Source "ChessBase"]
[SourceDate "2013.11.20"]
[SourceVersion "1"]
[SourceVersionDate "2013.11.20"]
[SourceQuality "1"]
[WhiteTeam "Skopun"]
[BlackTeam "Rokur"]
[WhiteTeamCountry "FAI"]
[BlackTeamCountry "FAI"]

1. f4 Nf6 2. b3 g6 3. Bb2 d5 4. Nf3 Bg7 5. e3 0-0 6. Be2 b6 7. c4 e6 8. cxd5 exd5 9. 0-0 Bb7 10. Ne5 Nbd7 11. d3 c5 12. Nd2 Nxe5 13. Bxe5 Re8 14. Bf3 Nd7 15. Bxg7 Kxg7 16. Re1 f5 17. Nf1 Nf6 18. Rc1 Qd7 19. d4 Rac8 20. dxc5 bxc5 21. Qd2 Qe7 22. Rc2 Rc7 23. Rec1 Rec8 24. Qa5 Qd6 25. Qd2 Ne4 26. Bxe4 fxe4 27. Ng3 Ba6 28. Nxe4 Qe7 29. Nxc5 Rc6 30. Kf2 Qh4+ 31. Kg1 Qe7 32. Qd4+ Kh6 33. Rc3 Be2 34. Kf2 Bg4 35. h3 Bf5 36. g4 Bd7 37. g5+ Kh5 38. Kg3 1-0

[Event "FAI-chT2 1213"]
[Site "Faroe Islands"]
[Date "2012.11.04"]
[Round "2.1"]
[White "Andreasen, Jon S"]
[Black "Justinussen, Sigurd B"]
[Result "0-1"]
[WhiteElo "1830"]
[BlackElo "1925"]
[PlyCount "92"]
[EventDate "2012.10.28"]
[EventType "team-tourn"]
[EventRounds "10"]
[EventCountry "FAI"]
[SourceTitle "EXT 2014"]
[Source "ChessBase"]
[SourceDate "2013.11.20"]
[SourceVersion "1"]
[SourceVersionDate "2013.11.20"]
[SourceQuality "1"]
[WhiteTeam "Skopun"]
[BlackTeam "Havnin III"]
[WhiteTeamCountry "FAI"]
[BlackTeamCountry "FAI"]

1. e4 c5 2. Nf3 d6 3. Bb5+ Bd7 4. Qe2 Nc6 5. d3 Nf6 6. c3 e6 7. 0-0 Be7 8. d4 cxd4 9. cxd4 0-0 10. a3 Rc8 11. Nc3 a6 12. Bd3 e5 13. d5 Na5 14. Nd2 b5 15. Nd1 Qc7 16. b4 Nc4 17. Bxc4 bxc4 18. Nc3 Ne8 19. f4 exf4 20. Rxf4 Bf6 21. Bb2 Be5 22. Rff1 f5 23. Nf3 Bf6 24. Rac1 a5 25. b5 Qb6+ 26. Kh1 Bxb5 27. exf5 Bd7 28. g4 Nc7 29. Qd2 h6 30. Rb1 Rb8 31. h4 Rfe8 32. g5 hxg5 33. hxg5 Be5 34. Nxe5 Rxe5 35. f6 Qe3 36. Qxe3 Rxe3 37. f7+ Kf8 38. Nd1 Reb3 39. Rf4 Nxd5 40. Rxc4 Kxf7 41. Rc2 Rh8+ 42. Kg2 Bh3+ 43. Kf2 Bf5 44. Rcc1 Bxb1 45. Rxb1 Rh2+ 46. Ke1 Nf4 0-1

[Event "FAI-chT2 1213"]
[Site "Faroe Islands"]
[Date "2012.10.28"]
[Round "1.1"]
[White "Christiansen, Samal"]
[Black "Andreasen, Jon S"]
[Result "1-0"]
[WhiteElo "1977"]
[BlackElo "1830"]
[PlyCount "63"]
[EventDate "2012.10.28"]
[EventType "team-tourn"]
[EventRounds "10"]
[EventCountry "FAI"]
[SourceTitle "EXT 2014"]
[Source "ChessBase"]
[SourceDate "2013.11.20"]
[SourceVersion "1"]
[SourceVersionDate "2013.11.20"]
[SourceQuality "1"]
[WhiteTeam "Rokur"]
[BlackTeam "Skopun"]
[WhiteTeamCountry "FAI"]
[BlackTeamCountry "FAI"]

1. d4 Nf6 2. c4 e6 3. Nc3 Bb4 4. Nf3 c5 5. e3 cxd4 6. exd4 b6 7. Be2 Bb7 8. 0-0 0-0 9. Qb3 Be7 10. Bf4 d6 11. Rfd1 Re8 12. Rac1 Nbd7 13. Nb5 Nf8 14. c5 Bd5 15. Qa3 bxc5 16. dxc5 Ng6 17. Bxd6 Bxd6 18. Nxd6 Re7 19. b4 Rb8 20. Qb2 Ne8 21. Nxe8 Qxe8 22. Nd4 Nf4 23. Bf1 e5 24. Nf5 Reb7 25. Nd6 Qe6 26. Nxb7 Bxb7 27. Rd6 Qg4 28. c6 h5 29. cxb7 Rxb7 30. Qc2 g6 31. Qc8+ Kg7 32. Qxg4 1-0